000 01023nmc a2200301 a 4500
003 AR-BaBNM
005 20251128210041.0
008 011101s1998 ||||||||||||||000 | spa||
020 _a84-923478-2-1
040 _cAR-BaBNM
100 1 _aFrigotto, Gaudêncio
245 1 0 _aLa productividad de la escuela improductiva
_bun re-examen de las relaciones entre la educación y la estructura económico-social capitalista
250 _a1ª ed.
260 _aBuenos Aires
_bMiño y Dávila
_bInstituto de Investigaciones en Ciencias de la Educación-UBA
_c1998
300 _a259 p.
490 0 _aEducación, crítica y debate
500 _aContiene referencias bibliográficas p. 249-259
650 4 _aSOCIOLOGIA DE LA EDUCACION
650 4 _aECONOMIA DE LA EDUCACION
650 4 _aPAPEL DE LA ESCUELA
650 4 _aCAMBIO SOCIAL
650 4 _aCAPITALISMO
650 4 _aESTADO Y EDUCACION
700 1 _aSaviani, Dermeval
_eprologuista
800 1 _aGentili, Pablo
_edirector
942 _cBK
998 _cRaquel
999 _c13824
_d13824